Understanding Delta-Sigma Data Converters /

Enregistré dans:
Détails bibliographiques
Auteurs principaux: Pavan, Shanthi (Auteur), Schreier, Richard (Auteur), Temes, Gabor C. (Auteur)
Format: Livre
Langue:anglais
Publié: New Jersey, 2017 564 s.
Édition:Second Edition
Tags: Ajouter un tag
Pas de tags, Soyez le premier à ajouter un tag!

MARC

LEADER 00000nam a22000003a 4500
001 0027665
003 SK-STU
005 20171109132349.1
007 ta
008 171109s ----xo-----e------000-0-----d
020 |a 978-1-119-25827-8 
040 |a STU  |b slo 
041 0 |a eng 
044 |a xxu 
080 |a 621.37 
100 1 |a Pavan, Shanthi  |4 aut  |r Z6 
245 1 0 |a Understanding Delta-Sigma Data Converters /  |c aut. Shanthi Pavan, Richard Schreier, Gabor C Temes 
250 |a Second Edition 
260 |a New Jersey,  |b 2017  |c 564 s. 
700 1 |a Schreier, Richard  |r Z6  |4 aut 
700 1 |a Temes, Gabor C.  |r Z6  |4 aut 
996 |b 284EK89904  |c E* 89904  |l EE33  |s P  |a 0  |w 0027665_0001